Quick Pick: 'Toy Story' Characters Quiz Stats

 Plays Quiz Updated Jan 26, 2018

Score 0/15 Timer 01:30
0 Plays Today
% Correct
Buzz Lightyear
94.6%
Mr. Potato Head
92.5%
Woody
90.3%
Bo Peep
89.9%
Slinky
86.9%
Rex
86.3%
Andy Davis
79.2%
Hamm
77.2%
% Correct
Lenny the Binoculars
71.1%
Sid Phillips
68.7%
Etch
65.7%
Sarge
60.1%
RC
50.1%
Legs
47.2%
Hannah Phillips
28.5%

Today's Daily Dose

Word Ladder
In Hot 'Water'

Quick Pick
Opera Composers

Get the Picture
The Office Accountants

You're not logged in!

Compare scores with friends on all Sporcle quizzes.
OR
Log In

Show Comments

Extras

Top Quizzes Today


Score Distribution

Your Account Isn't Verified!

In order to create a playlist on Sporcle, you need to verify the email address you used during registration. Go to your Sporcle Settings to finish the process.

Report this User

Report this user for behavior that violates our Community Guidelines.

Details: